| 000 | 00557nam a22001935i 4500 | ||
|---|---|---|---|
| 001 | 18983842 | ||
| 005 | 20241101171849.0 | ||
| 008 | 150915s2015 enk f b 000 0 eng | ||
| 020 | _a9780414034075 (hbk.) | ||
| 050 |
_aKD1554 _b.L49 2015 |
||
| 100 | 1 |
_aLewison, Kim, _eauthor. |
|
| 245 | 1 | 4 | _aThe interpretation of contracts. |
| 250 | _aSixth edition. | ||
| 260 |
_aLondon _bThomson Reuters (Professional) UK Limited _cC2015 |
||
| 300 |
_axcv, 898 pages ; _c24cm. _bIndex |
||
| 650 | _2Contracts | ||
| 650 | _2Interpretation | ||
| 942 |
_2lcc _cBK _e6th Ed. _n0 |
||
| 999 |
_c533 _d533 |
||